000 00641nam a2200205 4500
001 83260
003 BD-RjUL
005 20240307110954.0
008 240307s1952 p ||||| |||| 00| 0 u d
035 _a(BD-RjUL)83260
040 _aBD-RjUL
_beng
_cBD-RjUL
041 _aurd
082 _223
_a954.91
_bNAP 1952
100 1 _aناظم الدين ;; Nazimuddin
_912124
245 1 0 _aپاکستان کے پانچ سال ;; Pakistan ki panch sal /
_cناظم الدين ;; Nazimuddin
260 _aKarachi :
_bاداره مطبوعات ,
_c1952
300 _a184 p. :
_bill. ;
_c25 cm
650 _aHistory
_x
_zPakistan
_912125
942 _2ddc
_cBK
999 _c83260
_d83260